Ecohouse 2 : a design guide

Salvato in:
Dettagli Bibliografici
Autori principali: Roaf, Susan (Autore), Fuentes, Manuel (Autore), Thomas, Stephanie (Autore)
Natura: Libro
Lingua:inglese
Pubblicazione: Oxford : Architectural Press, 2006
Soggetti:
Tags: Aggiungi Tag
Nessun Tag, puoi essere il primo ad aggiungerne!!

MARC

LEADER 00000nam a22000003a 4500
001 stu121690
005 20150617225858.4
008 060622s2006------------------------eng-d
020 |a 0-7506-5734-0 
040 |a STU  |b slo 
041 0 |a eng 
100 1 |a Roaf, Susan  |4 aut 
245 1 |a Ecohouse 2 :  |b a design guide 
260 |a Oxford :  |b Architectural Press,  |c 2006 
300 |a 412 s 
650 7 |a ekológia  |2 stusub 
650 7 |a ekologické domy  |2 stusub 
650 7 |a ekologické materiály  |2 stusub 
700 1 |a Fuentes, Manuel  |4 aut 
700 1 |a Thomas, Stephanie  |4 aut 
996 |b 284AU02043  |c A*4742 U  |l AAKNAR  |s A  |a 24  |w stu121690_0001